MARC

LEADER 00000nas a2200000 4500
001 ssj0012066
003 WaSeSS
005 20200512172242.0
006 m d
007 cr n
008 750224d19752005ilubr p s 0 a0eng
010 |a sn 81006661  
022 |l 0278-5226  |y 0278-5226 
035 |a (WaSeSS)ssj0012066 
037 |b International Society of Arboriculture, 303 W. University Ave., P.O. Box 908, Urbana, IL 61801 
040 |a AGL  |b eng  |c AGL  |d MUL  |d COO  |d MUL  |d DLC  |d NSD  |d AIP  |d NST  |d NSD  |d OCL  |d NST  |d EBZ  |d NST  |d AGL  |d OCL  |d OCLCQ  |d EEM  |d AGL  |d TJC  |d LVB  |d OCLCQ  |d DLC  |d OCLCF  |d CUS  |d JDP  |d OCLCO  |d AU@  |d OCLCQ  |d OCLCO  |d CPO  |d WaSeSS 
042 |a nsdp 
050 1 4 |a SB435  |b .J86 
070 |a SB436  |b .J6 
072 0 |a F110 
072 0 |a P300 
072 0 |a K001 
082 1 4 |a 635  |2 11 
210 0 |a J. arboric. 
222 0 |a Journal of arboriculture 
245 0 0 |a Journal of arboriculture  |h [electronic resource]. 
260 |a Champaign, Ill., etc.  |b International Society of Arboriculture,  |c 1975-2005. 
310 |a Bimonthly,  |b <-2005> 
321 |a Monthly 
362 0 |a v. 1-31; Jan. 1975-Nov. 2005. 
500 |a Published: Urbana, Ill., 1975-July 1992; Savoy, Ill., Sept. 1992-Jan. 1998, Champaign, Ill., Mar. 1998-Nov. 2005. 
506 |a License restrictions may limit access. 
550 |a Vol. 1, 1975 issued by International Shade Tree Conference. 
580 |a Formed by the merger of: Arborist's news, and: International Shade Tree Conference. Proceedings of annual meeting. 
650 0 |a Arboriculture  |v Periodicals. 
650 0 |a Shade trees  |v Periodicals. 
650 0 |a Trees  |v Periodicals. 
650 0 |a Tree planting  |v Periodicals. 
650 0 |a Trees  |x Diseases and pests  |v Periodicals. 
650 0 |a Urban forestry  |v Periodicals. 
650 3 |a Shade trees  |v Periodicals. 
650 3 |a Arboriculture  |v Periodicals. 
650 6 |a Arbres  |v Périodiques. 
650 6 |a Arbres  |x Plantation  |v Périodiques. 
650 6 |a Arbres  |x Maladies et fléaux  |v Périodiques. 
650 7 |a Arboriculture.  |2 fast  |0 (OCoLC)fst00812823 
650 7 |a Shade trees.  |2 fast  |0 (OCoLC)fst01115017 
650 7 |a Tree planting.  |2 fast  |0 (OCoLC)fst01155955 
650 7 |a Trees.  |2 fast  |0 (OCoLC)fst01155984 
650 7 |a Trees  |x Diseases and pests.  |2 fast  |0 (OCoLC)fst01156006 
650 7 |a Urban forestry.  |2 fast  |0 (OCoLC)fst01162426 
655 0 |a Electronic journals. 
710 2 |a International Society of Arboriculture. 
711 2 |a International Shade Tree Conference. 
780 1 4 |t Arborist's news  |x 0003-7958  |w (DLC)sc 80000396 
780 1 4 |a International Shade Tree Conference.  |t Proceedings of annual meeting  |w (OCoLC)1590740 
785 0 0 |t Arboriculture & urban forestry  |x 1935-5297  |w (DLC) 2006267522  |w (OCoLC)63131277 
850 |a CU-A  |a CU-RivA  |a CaAEU  |a CaQMH  |a CaQMU  |a CaQMaC  |a DNAL  |a In  |a MNS  |a MnSU  |a NcRS  |a NjR  |a UPB  |a ViBlbV 
856 4 0 |z Full text available from Research Library: 01/01/2003 to 11/30/2005  |u https://search.proquest.com/publication/27839